000 00530nam a2200193Ia 4500
005 20250326144947.0
008 250326s9999 xx 000 0 und d
020 _a0-87584-802-8
037 _aTextbook
040 _aFMSL
_beng
_cFMSL
041 _aeng
_2eng
084 _aX8(A):8 N7
_qFMSL
100 _aKanter R M
_9735195
245 0 _aFrontiers of management
_cKanter R M
260 _aUSA
_bUSA, Harvard Business School
_c1997
300 _axiii,306
942 _cTB
_hX8(A):8 N7
999 _c1305810
_d1305810